| 000 -LEADER |
| fixed length control field |
00673cam a2200193 i 4500 |
| 003 - CONTROL NUMBER IDENTIFIER |
| control field |
OSt |
| 005 - DATE AND TIME OF LATEST TRANSACTION |
| control field |
20200316164741.0 |
| 008 - FIXED-LENGTH DATA ELEMENTS--GENERAL INFORMATION |
| fixed length control field |
120524s2013 ctua b 001 0 eng |
| 020 ## - INTERNATIONAL STANDARD BOOK NUMBER |
| International Standard Book Number |
9780300181517 (cloth : alk. paper) |
| 082 00 - DEWEY DECIMAL CLASSIFICATION NUMBER |
| Classification number |
724.6 |
| Edition number |
23 |
| Item number |
PET |
| 100 1# - MAIN ENTRY--PERSONAL NAME |
| Personal name |
Petit, Emmanuel, |
| Dates associated with a name |
1973- |
| 245 10 - TITLE STATEMENT |
| Title |
Irony, or, the self-critical opacity of postmodern architecture / |
| Statement of responsibility, etc |
Emmanuel Petit. |
| 246 30 - VARYING FORM OF TITLE |
| Title proper/short title |
Self-critical opacity of postmodern architecture |
| 300 ## - PHYSICAL DESCRIPTION |
| Extent |
x, 262 pages : |
| Other physical details |
illustrations ; |
| Dimensions |
24 cm |
| 504 ## - BIBLIOGRAPHY, ETC. NOTE |
| Bibliography, etc |
Includes bibliographical references (pages 216-244) and index. |
| 650 #0 - SUBJECT ADDED ENTRY--TOPICAL TERM |
| Topical term or geographic name as entry element |
Architecture, Postmodern |
| General subdivision |
Themes, motives. |
| 650 #0 - SUBJECT ADDED ENTRY--TOPICAL TERM |
| Topical term or geographic name as entry element |
Irony. |
| 942 ## - ADDED ENTRY ELEMENTS (KOHA) |
| Source of classification or shelving scheme |
|